Windows 3.1 /
Salvato in:
| Autore principale: | |
|---|---|
| Natura: | Libro |
| Lingua: | ceco |
| Pubblicazione: |
Praha :
Grada,
1993
|
| Edizione: | 1.vyd. |
| Serie: | Edice EDUCA 99
|
| Tags: |
Nessun Tag, puoi essere il primo ad aggiungerne!!
|
MARC
| LEADER | 00000nam a22000003a 4500 | ||
|---|---|---|---|
| 001 | stu4074 | ||
| 005 | 20200923115122.6 | ||
| 008 | 930610s1993----xr------------------cze-d | ||
| 020 | |a 80-85623-64-1 | ||
| 040 | |a STU |b slo | ||
| 041 | 0 | |a cze | |
| 044 | |a xr | ||
| 080 | |a 681.32.06 | ||
| 080 | |a WINDOWS | ||
| 080 | |a 519.68 | ||
| 100 | 1 | |a Hruška, Michael |4 aut | |
| 245 | 1 | |a Windows 3.1 / |c [aut.] Hruška,Michael | |
| 250 | |a 1.vyd. | ||
| 260 | |a Praha : |b Grada, |c 1993 | ||
| 300 | |a 140 s | ||
| 830 | 0 | |a Edice EDUCA 99 | |
| 996 | |c I*9OP4885 |l I |s A |a 24 |w stu4074_0006 | ||